| 000 | 00636cam a2200217 a 4500 | ||
|---|---|---|---|
| 001 | 2818932 | ||
| 003 | OSt | ||
| 005 | 20160923093741.0 | ||
| 008 | 830815m1978 slv spa | ||
| 020 | _a99923-0-051-5 (vol.2) | ||
| 040 | _cCRI | ||
| 082 | _a972.84 | ||
| 100 | 1 |
_939635 _aCortés y Larraz, Pedro |
|
| 245 | 1 | 0 |
_aDescripción Geográfico-Moral de la Diócesis de Goathemala _cPedro Cortés y Larraz _nVolumen 2 |
| 250 | _a2ª ed | ||
| 260 |
_aSan Salvador _bCONCULTURA _c2000 |
||
| 300 |
_a245 p. _bil. _c23 cm |
||
| 500 | _aÍndice: p. [295] | ||
| 651 | 4 |
_93692 _aEl Salvador _xHistoria |
|
| 942 |
_2ddc _cBK _hprozim |
||
| 999 |
_c26008 _d26008 |
||